| 000 | 005040000a22001570004500 | ||
|---|---|---|---|
| 020 | _a958-704-283-2 | ||
| 082 | 0 | 4 | _aG CJ P348m |
| 100 | 1 | _aPaz-Castillo, María Fernanda | |
| 245 | 1 | 0 | _aMuertos de susto : leyendas de acá y del más allá / selección y adaptación María Fernanda Paz- Castillo ; ilustraciones María Osorio |
| 260 | _aBogotá : Alfaguara | ||
| 300 | _a77 P. | ||
| 440 | 0 | _aNidos para la lectura | |
| 650 | 1 | 4 | _aLiteratura folclorica \ Mitos y Leyendas |
| 001 | 1772 | ||
| 942 | _cLGB | ||
| 999 |
_c48929 _d48929 |
||